| 000 | 00799nam a2200229 i 4500 | ||
|---|---|---|---|
| 001 | 87159 | ||
| 003 | ES-MaACL | ||
| 005 | 20250626202343.0 | ||
| 007 | t| | ||
| 008 | 041220s1973 sp ||||1| spa d | ||
| 100 | 1 |
_aKönig, René. _968442 |
|
| 245 | 1 | 0 |
_aTratado de sociología empírica / _cintroducción y dirección por René König ; [traducción por Carlos Moya Valgañón]. |
| 260 |
_aMadrid : _bTecnos, _c[1973] |
||
| 300 |
_a1 v. ; _c25 cm. |
||
| 490 | 1 | _aSemilla y Surco. Colección de Ciencias Sociales. Serie de Sociología | |
| 650 | 0 | 4 |
_aSociología- _xMetodología. _917201 |
| 700 | 1 |
_aMoya Valgañón, Carlos. _983979 |
|
| 830 | 0 | 0 |
_aSemilla y surco. _pSerie de sociología _9180377 |
| 852 |
_aES-MaACL _jP-1054 _bR.88492 |
||
| 942 | _2udc | ||
| 999 |
_c87159 _d87159 |
||